Prava ljudini v Ukrajini

Uložené v:
Podrobná bibliografia
Hlavný autor: Čermnich, Valentina
Ďalší autori: Zubro, Tetyana, 1975-
Médium: Kapitola
Jazyk:Ukrainian
Tagy: Pridať tag
Žiadne tagy, Buďte prvý, kto otaguje tento záznam!

MARC

LEADER 00000naa a2200000 4500
001 0200231
005 20240502083509.1
041 0 |a ukr 
044 |a UA 
245 1 0 |a Prava ljudini v Ukrajini  |c Valentina Čermnich, Tetyana Zubro 
100 1 |a Čermnich, Valentina 
700 1 |a Zubro, Tetyana, 1975-